[Event "SVK-chT4 A22 1819"]
[Site "Slovakia"]
[Date "2019.03.17"]
[Round "11.4"]
[White "Jancik, Ondrej"]
[Black "Szocs, Ladislav"]
[Result "1-0"]
[WhiteElo "1582"]
[BlackElo "1825"]
[PlyCount "73"]
[EventDate "2018.10.14"]
[EventType "team-tourn"]
[EventRounds "11"]
[EventCountry "SVK"]
[SourceTitle "EXT 2020"]
[Source "ChessBase"]
[SourceDate "2019.10.17"]
[SourceVersion "1"]
[SourceVersionDate "2019.10.17"]
[SourceQuality "1"]

1. e4 e5 2. Nf3 Nf6 3. Nxe5 d6 4. Nf3 Nxe4 5. Qe2 Qe7 6. d3 Nf6 7. Nc3 c6 8. h3 Na6 9. Bg5 Qxe2+ 10. Bxe2 Be7 11. 0-0 0-0 12. Rae1 Nc7 13. Bd1 Re8 14. Nb1 Bd7 15. Nbd2 Ne6 16. Bh4 b5 17. Bg3 c5 18. Re2 Bf8 19. Rfe1 Bc6 20. Ne4 Nxe4 21. dxe4 f6 22. c3 c4 23. Bc2 Nc5 24. Nd4 Bd7 25. b4 cxb3 26. axb3 a5 27. b4 axb4 28. cxb4 Ne6 29. Nf5 Red8 30. Rd1 Kh8 31. Bxd6 Bc6 32. Red2 Ra2 33. Bxf8 Rxd2 34. Rxd2 Bxe4 35. Ne3 Bxc2 36. Bc5 Bb3 37. Rd7 1-0

[Event "SVK-chT3A2 1819"]
[Site "Slovakia"]
[Date "2019.03.10"]
[Round "10.5"]
[White "Ganz, Marek"]
[Black "Szocs, Ladislav"]
[Result "0-1"]
[WhiteElo "1652"]
[BlackElo "1803"]
[PlyCount "116"]
[EventDate "2018.10.07"]
[EventType "team-tourn"]
[EventRounds "11"]
[EventCountry "SVK"]
[SourceTitle "EXT 2020"]
[Source "ChessBase"]
[SourceDate "2019.10.17"]
[SourceVersion "1"]
[SourceVersionDate "2019.10.17"]
[SourceQuality "1"]
[WhiteTeam "Trnava Lokomotiva III"]
[BlackTeam "Potonska Veza II"]
[WhiteTeamCountry "SVK"]
[BlackTeamCountry "SVK"]

1. e4 e5 2. Nf3 Nf6 3. Nc3 Bb4 4. a3 Bxc3 5. bxc3 0-0 6. d3 d5 7. exd5 Qxd5 8. c4 Qd6 9. Be2 e4 10. Nd2 Bf5 11. Nb3 exd3 12. cxd3 c5 13. Be3 b6 14. 0-0 Nc6 15. Qd2 Rad8 16. Rad1 Nd4 17. Bxd4 cxd4 18. Qb2 Rfe8 19. Rfe1 h6 20. Nd2 Re5 21. h3 Ra5 22. Nb3 Qxa3 23. Qc2 Qa2 24. Qxa2 Rxa2 25. Ra1 Rb2 26. Nc1 a5 27. Ra3 Re8 28. Kf1 Rb1 29. Rb3 Rxb3 30. Nxb3 Rd8 31. Nd2 Nd7 32. g4 Bg6 33. f4 f5 34. Nf3 Nc5 35. Ne5 Bh7 36. Rd1 g5 37. fxg5 hxg5 38. Nf3 fxg4 39. hxg4 Ne6 40. Rb1 Rd6 41. Rb5 Nc5 42. Nxg5 Bxd3 43. Bxd3 Nxd3 44. Ne4 Re6 45. Ng3 Nc5 46. Ne2 d3 47. Nc3 d2 48. Rb1 Nd3 49. Ne2 Rc6 50. Rd1 Rxc4 51. Rxd2 Nf4 52. Rd4 Rxd4 53. Nxd4 Kf7 54. Ke1 Kf6 55. Kd2 Ke5 56. Kc3 Ne6 57. Nb5 Kd5 58. Kb3 Nd4+ 0-1

[Event "SVK-chT4 A22 1516"]
[Site "Slovakia"]
[Date "2015.12.13"]
[Round "5.1"]
[White "Szocs, Ladislav"]
[Black "Mezes, Kristof"]
[Result "1-0"]
[WhiteElo "1891"]
[BlackElo "1466"]
[PlyCount "53"]
[EventDate "2015.10.04"]
[EventType "team-tourn"]
[EventRounds "11"]
[EventCountry "SVK"]
[SourceTitle "EXT 2020"]
[Source "ChessBase"]
[SourceDate "2019.10.17"]
[SourceVersion "1"]
[SourceVersionDate "2019.10.17"]
[SourceQuality "1"]

1. e4 e6 2. d4 d5 3. e5 c5 4. Nf3 Qb6 5. Bd3 Nc6 6. 0-0 cxd4 7. Bf4 Qxb2 8. Nbd2 Nge7 9. Nb3 Nf5 10. Bc1 Qc3 11. Bd2 Qb2 12. a4 b6 13. Qe2 Be7 14. Rfb1 Qxa1 15. Rxa1 0-0 16. Bxf5 exf5 17. Nbxd4 Nxd4 18. Nxd4 Bc5 19. c3 Re8 20. a5 f6 21. f4 fxe5 22. fxe5 Bb7 23. axb6 Bxb6 24. h4 a5 25. Qb5 Bxd4+ 26. cxd4 Rec8 27. Qxb7 1-0

[Event "SVK-ch Seniors-B"]
[Site "Tatranske Matliare"]
[Date "2011.05.??"]
[Round "8"]
[White "Liska, Jaroslav"]
[Black "Szocs, Ladislav"]
[Result "1-0"]
[WhiteElo "1984"]
[BlackElo "1952"]
[PlyCount "49"]
[EventDate "2011.05.27"]
[EventType "swiss"]
[EventRounds "9"]
[EventCountry "SVK"]
[SourceTitle "EXT 2023"]
[Source "ChessBase"]
[SourceDate "2022.10.05"]
[SourceVersion "1"]
[SourceVersionDate "2022.10.05"]
[SourceQuality "1"]

1. e4 d5 2. exd5 Nf6 3. d4 Nxd5 4. Nf3 Bg4 5. Be2 e6 6. 0-0 Be7 7. c4 Nb6 8. b3 Nc6 9. Bb2 0-0 10. Na3 a5 11. Nc2 a4 12. Ne3 Bh5 13. d5 exd5 14. cxd5 Nb4 15. Bc4 Nxc4 16. bxc4 Bf6 17. Qd2 Bxb2 18. Qxb2 Nd3 19. Qd4 Bxf3 20. gxf3 Qg5+ 21. Kh1 Nf4 22. Rg1 Ne2 23. Qb2 Nxg1 24. Rxg1 Qh6 25. Nf5 1-0

[Event "SVK-chT2B 0910"]
[Site "Slovakia"]
[Date "2010.02.27"]
[Round "10"]
[White "Domany, Zsofia"]
[Black "Szocs, Ladislav"]
[Result "1-0"]
[WhiteElo "2195"]
[BlackElo "1979"]
[PlyCount "51"]
[EventDate "2009.10.10"]
[EventType "team"]
[EventRounds "11"]
[EventCountry "SVK"]
[SourceTitle "EXT 2011"]
[Source "ChessBase"]
[SourceDate "2010.11.26"]
[SourceVersion "1"]
[SourceVersionDate "2010.11.26"]
[SourceQuality "1"]
[WhiteTeam "Kosihy Europress"]
[BlackTeam "Sala Slovan Duslo"]
[WhiteTeamCountry "SVK"]
[BlackTeamCountry "SVK"]

1. e4 d5 2. exd5 Nf6 3. d4 Nxd5 4. c4 Nb6 5. Nc3 e5 6. dxe5 Qxd1+ 7. Nxd1 Nc6 8. f4 Be6 9. b3 Bb4+ 10. Kf2 0-0-0 11. Be3 g5 12. Nf3 gxf4 13. Bxf4 Bc5+ 14. Ne3 Bg4 15. Be2 Rde8 16. Nd4 Bxd4 17. Bxg4+ Kb8 18. Rad1 Bxe5 19. Bxe5 Rxe5 20. Bf3 Ne7 21. Rd3 f5 22. Rhd1 Kc8 23. g4 Rf8 24. gxf5 Nxf5 25. Bg4 c6 26. Nxf5 1-0

[Event "SVK-chT2B 0809"]
[Site "Slovakia"]
[Date "2009.02.01"]
[Round "9.6"]
[White "Szocs, Ladislav"]
[Black "Rac, Vlastimil"]
[Result "0-1"]
[WhiteElo "1992"]
[BlackElo "1979"]
[PlyCount "68"]
[EventDate "2008.10.11"]
[EventType "team-tourn"]
[EventRounds "11"]
[EventCountry "SVK"]
[SourceTitle "EXT 2010"]
[Source "ChessBase"]
[SourceDate "2010.11.25"]
[SourceVersion "1"]
[SourceVersionDate "2010.11.25"]
[SourceQuality "1"]
[WhiteTeam "Sala Slovan Duslo"]
[BlackTeam "Partizanske SK Neomax"]
[WhiteTeamCountry "SVK"]
[BlackTeamCountry "SVK"]

1. e4 e5 2. Nf3 Nc6 3. d4 exd4 4. c3 dxc3 5. Nxc3 d6 6. Bc4 Be6 7. Bxe6 fxe6 8. Qb3 Qd7 9. Qxb7 Rb8 10. Qa6 Be7 11. 0-0 Nf6 12. b3 0-0 13. Bg5 h6 14. Be3 Kh7 15. Rac1 Ng4 16. Qe2 Nxe3 17. Qxe3 Bf6 18. Rfd1 Ne5 19. Nxe5 Bxe5 20. g3 c6 21. f4 Bxc3 22. Qxc3 Rbc8 23. Qd3 Qc7 24. Qxd6 Qb6+ 25. Qc5 Qa6 26. Rc2 Rfd8 27. Rd6 Rxd6 28. Qxd6 Qb6+ 29. Qc5 Qa6 30. Kf2 Rd8 31. Qxc6 Rd2+ 32. Kg1 Rd1+ 33. Kf2 Qf1+ 34. Ke3 Rd3# 0-1

[Event "SVK-chT2B 0809"]
[Site "Slovakia"]
[Date "2008.10.11"]
[Round "1.7"]
[White "Matuska, Peter"]
[Black "Szocs, Ladislav"]
[Result "1-0"]
[WhiteElo "1797"]
[BlackElo "1992"]
[PlyCount "39"]
[EventDate "2008.10.11"]
[EventType "team-tourn"]
[EventRounds "11"]
[EventCountry "SVK"]
[SourceTitle "EXT 2010"]
[Source "ChessBase"]
[SourceDate "2010.11.25"]
[SourceVersion "1"]
[SourceVersionDate "2010.11.25"]
[SourceQuality "1"]
[WhiteTeam "Nove Zamky Basta II"]
[BlackTeam "Sala Slovan Duslo"]
[WhiteTeamCountry "SVK"]
[BlackTeamCountry "SVK"]

1. e4 d5 2. exd5 Nf6 3. d4 Nxd5 4. c4 Nb6 5. h3 Bf5 6. Nf3 e6 7. Nc3 Be7 8. Be2 0-0 9. 0-0 Nc6 10. a4 a5 11. Nb5 Nb4 12. Bf4 Rc8 13. Na7 Ra8 14. Nb5 Bc2 15. Qd2 Nxa4 16. Bxc7 Qc8 17. Rfc1 Bb3 18. c5 Nd5 19. Bxa5 Bf6 20. Ra3 1-0

[Event "SVK-chT2B 0708"]
[Site "Slovakia"]
[Date "2007.12.01"]
[Round "5.5"]
[White "Szocs, Ladislav"]
[Black "Balko, Dominik"]
[Result "0-1"]
[WhiteElo "1989"]
[BlackElo "2018"]
[PlyCount "58"]
[EventDate "2007.10.06"]
[EventType "team-tourn"]
[EventRounds "11"]
[EventCountry "SVK"]
[SourceTitle "EXT 2010"]
[Source "ChessBase"]
[SourceDate "2010.11.25"]
[SourceVersion "1"]
[SourceVersionDate "2010.11.25"]
[SourceQuality "1"]
[WhiteTeam "Sala Slovan Duslo"]
[BlackTeam "Nitra SPU II"]
[WhiteTeamCountry "SVK"]
[BlackTeamCountry "SVK"]

1. e4 c6 2. d4 d5 3. exd5 cxd5 4. Bd3 Nc6 5. c3 Nf6 6. Bf4 g6 7. Nd2 Bg7 8. Ngf3 Bg4 9. Qb3 Qc8 10. 0-0 0-0 11. Rfe1 Bxf3 12. Nxf3 e6 13. Ne5 Nh5 14. Nxc6 bxc6 15. Bd6 Rd8 16. Be5 f6 17. g4 fxe5 18. gxh5 e4 19. Be2 e5 20. hxg6 exd4 21. gxh7+ Kxh7 22. cxd4 Bxd4 23. Kh1 Bxf2 24. Rf1 Rf8 25. Rxf2 Rxf2 26. Qg3 Rf6 27. Qh4+ Rh6 28. Qe7+ Kh8 29. Rg1 Qf8 0-1